000 00274nam a22001217a 4500
008 180308b xxu||||| |||| 00| 0 eng d
041 _aeng
080 _23 ED
_a620
100 _a27
101 _aMEC
245 _aPRINCIPLES FARM MACHINERY
_cKEPNER3R.A
942 _2udc
_cBK
999 _c44519
_d44519